000 01167nam a2200325 i 4500
003 EG-GICUC
005 20260121101431.0
008 251205s1956 ua ||||fr|||| 00| 0 ara d
040 _a EG-GICUC
_bara
_c EG-GICUC
_d EG-GICUC
_erda
041 0 _aara
082 0 4 _a343.3062
_bر ؤ . م
_221
092 0 4 _221
099 _aLaw1 10 343.3062 ر ؤ . م 2 ed - 1956
100 0 _aرؤوف عبيد
_eمؤلف.
245 1 0 _aمبادئ الإجراءات الجنائية في القانون المصري /
_cالدكتور رؤوف عبيد .
250 _aطبعة الثانية
264 3 _aالقاهرة :
_bمطبعة نهضة مصر،
_c1956 .
300 _a726 صفحة ؛
_c24 سم.
336 _2rda content
_atext
337 _2rda media
_aComputer
338 _2rda carrier
_aOnline Resource
504 _a. 240-220 ببليوجرافيا: صفحات.
546 _aالنص باللغة العربية
650 1 4 _aسلطة التحقيق
_2qrmak
650 1 4 _aالقانون الجنائي
_2qrmak
651 1 _2qrmak
856 4 0 _uhttps://fll.law.cu.edu.eg/fulltext/bks/B10-05419.pdf
905 _a77
_eHassnaa
942 _2ddc
_cBK
_e21
_n0
999 _c48442
_d48442